The car culture

সংরক্ষণ করুন:
গ্রন্থ-পঞ্জীর বিবরন
প্রধান লেখক: Flink, James J.
বিন্যাস: গ্রন্থ
ভাষা:Undetermined
প্রকাশিত: Cambridge The MIT Press 1975
বিষয়গুলি:
ট্যাগগুলো: ট্যাগ যুক্ত করুন
কোনো ট্যাগ নেই, প্রথমজন হিসাবে ট্যাগ করুন!
Thư viện lưu trữ: Trung tâm Học liệu Trường Đại học Cần Thơ
LEADER 00572nam a2200205Ia 4500
001 CTU_83667
008 210402s9999 xx 000 0 und d
082 |a 301.24 
082 |b F622 
100 |a Flink, James J. 
245 4 |a The car culture 
245 0 |c James J. Flink 
260 |a Cambridge 
260 |b The MIT Press 
260 |c 1975 
650 |a Automobile industry and trade,Automobiles 
650 |x History,Social aspects 
650 |z United States,United States 
904 |i QHieu(sửa) 
980 |a Trung tâm Học liệu Trường Đại học Cần Thơ